| 000 | 00357nam a2200133Ia 4500 | ||
|---|---|---|---|
| 008 | 231017s9999 xx 000 0 und d | ||
| 082 | _a624.1 | ||
| 082 | _bHAJ | ||
| 245 | 0 | _a"Estimating Cumulative Traffic Loads, Final Report for Phase-I" | |
| 245 | 0 | _cUS Dept of Transportation | |
| 260 | _bUS Dept of Transportation | ||
| 300 | _c30cm | ||
| 942 | _cREP | ||
| 999 |
_c604038 _d604038 |
||